书目信息 |
| 题名: |
张迁碑名师指导
|
|
| 作者: | ;王冬龄 指导 | |
| 分册: | ||
| 出版信息: | 北京 北京图书馆出版社 2006.01 |
|
| 页数: | 86页 | |
| 开本: | 29cm | |
| 丛书名: | 《中国国家图书馆馆藏碑帖精华》名师指导丛书 | |
| 单 册: | ||
| 中图分类: | J292.113.5 | |
| 科图分类: | ||
| 主题词: | 隶书--li shu--碑帖--中国--东汉时代 | |
| 电子资源: | ||
| ISBN: | 7-5013-3113-8 | |
| 000 | 00988nam 2200253 450 | |
| 001 | 012007265584 | |
| 005 | 20071009090239.45 | |
| 010 | @a7-5013-3113-8@dCNY15.00 | |
| 100 | @a20070801d2006 km y0chiy0120 ea | |
| 101 | 0 | @achi |
| 102 | @aCN@b110000 | |
| 105 | @aa z 000yy | |
| 200 | 1 | @a张迁碑名师指导@Azhang qian bei ming shi zhi dao |
| 210 | @a北京@c北京图书馆出版社@d2006.01 | |
| 215 | @a86页@c图@d29cm | |
| 225 | 0 | @a《中国国家图书馆馆藏碑帖精华》名师指导丛书@A《zhong guo guo jia tu shu guan guan cang bei tie jing hua》ming shi zhi dao cong shu |
| 314 | @a版权页题著者王冬龄指导。 | |
| 330 | @a本书内容有《张迁碑》简介、碑帖拓本、名家题跋、临习指导。从《张迁碑》的用笔、结构、章法三方面分析其特点,并指出了临习《张迁碑》应注意的问题。 | |
| 410 | 0 | @12001 @a中国国家图书馆馆藏碑帖精华名师指导丛书 |
| 606 | 0 | @a隶书@Ali shu@x碑帖@y中国@z东汉时代 |
| 690 | @aJ292.113.5@v4 | |
| 702 | 0 | @a王冬龄@Awang dong ling@4指导 |
| 801 | 0 | @aCN@c20071009 |
| 905 | @dJ292.113.5@eW153 | |
| 张迁碑名师指导.-北京:北京图书馆出版社,2006.01 |
| 86页:图;29cm.-(《中国国家图书馆馆藏碑帖精华》名师指导丛书) |
| ISBN 7-5013-3113-8:CNY15.00 |
| 本书内容有《张迁碑》简介、碑帖拓本、名家题跋、临习指导。从《张迁碑》的用笔、结构、章法三方面分析其特点,并指出了临习《张迁碑》应注意的问题。 |
| ● |
| 相关链接 |
|
|
|
正题名:张迁碑名师指导
索取号:J292.113.5/W153
 
预约/预借
| 序号 | 登录号 | 条形码 | 馆藏地/架位号 | 状态 | 备注 |
| 1 | 251560 | 202515607 | 社科库309/309社科库 79排3列6层/ [索取号:J292.113.5/W153] | 在馆 |